Регионална библиотека "Любен Каравелов" - Русе

Физика на твърдото тяло (Запис номер 188219)

MARC детайли
000 -Лидер
Контролно поле с фиксирана дължина 02087nam a2200337 c 4500
003 - Код на организацията, давaща контролен номер
Контролно поле BLK
005 - Дата и час на последна редакция
Контролно поле 20221029121902.0
008 - Елементи от данни с фиксирана дължина
fixed length control field 180411b bul|||||r ||||||| ||bul||
010 ## - Наследен системен номер
LC control number KNG00197237000
040 ## - Източник на каталожния запис
Идентификатор на билиотеката - собственик на записа BLK
041 ## - Код за език
Код за езика на текст/звукозапис или на отделно заглавие Български
Код за езика КДБФ Български
080 ## - УДК
Текстов определител УДК Структура на молекулярните системи - Физика на твърдото тяло, на металите, на полимерите - Свойства на твърдото тяло, текстура на молекулярните системи и на материалите, субструктура, микрострукт
УДК код - определител по УДК 539.2
УДК - код + определител 539.2
139 ## - Редно поле
Редна дума Физика на твърдото тяло
Авторски знак Физ - Ф 47
245 10 - Сведения за заглавието
Заглавие Физика на твърдото тяло
Подзаглавни данни Сб. статии
Редно поле (дума) състав. Владимир А.лександрович Угаров; прев. от рус. Антон Манолов.
257 ## - Страна на издаване
Страна на създаване/издаване Русия
260 ## - Област на издателските данни
Място на издаване, разпространение и проч. София
Име на издателя, разпространителя и проч. Нар. просв.
Година на издаване 1977
300 ## - Физическа характеристика
Страници 187 с.
Илюстрации и др. с черт.
Размери/Мащаб 20 см
380 ## - Жанр
Жанр Естествени науки. Математика
490 ## - СЕРИИ (Колекции)
Име на серия Съвременната физика за ученици
9 (RLIN) 482101
500 ## - Общи забележки
Забележка Ориг. загл. Физика твердого тела. - 5 104 тир. - Съдържа : Свръхфлуидност на течния хелийА. Ф. Андреев. За свръхпроводимостта. В. З. Кресин. Ефект на МьосбауерВ. А. Беляков Магнитни свойства на веществата М. И. Каганов. ПолупроводнициЮ. А. Гурвич. ЛазериА. Самохин. Физика и математика В. П. Смигла.
650 #4 - Допълнително описание по предмет – тема
Основно описание – тема или топоним Физика
9 (RLIN) 175234
653 ## - Ключова дума – ненормативна
Ключова дума физика
653 ## - Ключова дума – ненормативна
Ключова дума сборници
700 1# - Други автори (авторска отговорност)
Лично име Угаров, Владимир А.лександрович
Автороска отговорност (Описва отношението между автора и произведението) състав.
9 (RLIN) 344531
700 1# - Други автори (авторска отговорност)
Лично име Манолов, Антон
Автороска отговорност (Описва отношението между автора и произведението) прев. от рус.
9 (RLIN) 384592
852 ## - Местоположение
Форматна сигнатура Цб 86532
856 4# - Електронен адрес и достъп
Електронен формат pdf - файл
Инструкция (цена за достъп) 0.00
Права за достъп disable
856 4# - Електронен адрес и достъп
Електронен формат pdf - файл
Инструкция (цена за достъп) 0.00
Права за достъп disable
999 ## - СИСТЕМНИ КОНТРОЛНИ НОМЕРА
Koha biblionumber 188219
Koha biblioitemnumber 188219
942 ## - АРТИКУЛИ
Вид на библиотечния материал Книги
Скрит в OPAC Не
Периодичен библиозапис Да
944 ## - СЪЗДАВАНЕ И РЕДАКЦИЯ на ЗАПИСА
Създаване/Редакция Създаване
Дата на регистрацията/редакция 01.12.2016
Служител, извършил регистрацията/редакцията Станимира_Цанева
944 ## - СЪЗДАВАНЕ И РЕДАКЦИЯ на ЗАПИСА
Създаване/Редакция Редакция
Дата на регистрацията/редакция 01.12.2016
Служител, извършил регистрацията/редакцията Станимира_Цанева
944 ## - СЪЗДАВАНЕ И РЕДАКЦИЯ на ЗАПИСА
Създаване/Редакция Редакция
Дата на регистрацията/редакция 2022-10-29
Служител, извършил регистрацията/редакцията Христина Везирева
999 ## - СИСТЕМНИ КОНТРОЛНИ НОМЕРА
Koha biblioitemnumber 188219
Наличности
Код за отписване Код за изгубен артикул Източник на класификационната схема Код за повреда Коз за рестрикции Код за отдаване Артикулен № Име на библиотеката - собственик Име на библиотеката, в която се намира в момента Статус (Текущо местоположение) Дата на вписване в системата Местоположение - отдел Цена в лева Инвентарен номер Систематично азбучна сигнатура Баркод Номер на екземпляра Цена в евро Служебна бележка Служебен тип на артикула
  Не е изгубен Universal Decimal Classification Не е повреден без рестрикции ползва се в читалня 329626 Регионална библиотека "Любен Каравелов" Русе Регионална библиотека "Любен Каравелов" Русе Хранилище 1977-01-01 Хранилище 0.45 230257 Цб 86532 120000230257 1 0.23 N: стар фонд Дата: 01.01.1977 Книги
Изтеглен Не е изгубен Universal Decimal Classification Не е повреден без рестрикции заемане за дома 329627 Регионална библиотека "Любен Каравелов" Русе Регионална библиотека "Любен Каравелов" Русе Заемна - подръчен фонд 1977-01-01 Заемна - подръчен фонд 0.45 231539 П 539.2/Ф 47 231539 2 0.23 N: стар фонд Дата: 01.01.1977 Книги
Изтеглен Не е изгубен Universal Decimal Classification Не е повреден без рестрикции заемане за дома 329628 Регионална библиотека "Любен Каравелов" Русе Регионална библиотека "Любен Каравелов" Русе Заемна - подръчен фонд 1977-01-01 Заемна - подръчен фонд 0.45 231541 П 539.2/Ф 47 231541 3 0.23 N: стар фонд Дата: 01.01.1977 Дата инв: 02.02.2018 Бележки инв: П2018 Книги
Vip Innovations Ltd, Rousse, Bulgaria 2025